000 01334nam a22003617a 4500
003 CHAP
005 20220329143528.0
008 100409s2008 mx a r 00010 spa d
010 _a98069
011 _a99041
035 _a109726
040 _cCHAP
090 _aTesis
100 1 _aDíaz Fernández, Ma. Guadalupe.
_933461
245 1 0 _aCrecimiento, fenología y producción de flor de lilis (Lilium spp) en respuesta a genotipos bajo sombra
_c/por Ma. Guadalupe Díaz Fernández
260 _aCocula. Gro. :
_bEl autor,
_c2008
300 _a86 h. :
_bilus., cuadros, gráfs.
502 _aTesis (Ing. Agr. Fitotecnista) -- Colegio Superior Agropecuario del Estado de Guerrero, Centro de Estudios Profesionales
590 _aALEPH
_b10
_c20130110
_lUCH01
_h1533
590 _aBATCH-UPD
_b10
_c20130110
_lUCH01
_h1307
590 _aBATCH-UPD
_b10
_c20130410
_lUCH01
_h0822
590 _aBATCH-UPD
_b10
_c20130914
_lUCH01
_h1217
590 _aCONVERSION
_b10
_c20130109
_lUCH01
_h1354
650 0 4 _aFenología.
_940043
650 1 4 _aFlores
_xRendimiento.
_941407
650 1 4 _aGenomas.
_947508
650 1 4 _aLilium.
_966770
650 1 4 _aPlantas
_xCrecimiento.
_988803
650 1 4 _aSombra
_xEfecto en plantas.
_9108539
901 _aBK
942 _cTESIS
949 _aTesis
_bBC
_cTES
_d33724002117280
_eTS1
_gDonaciØn
_h50322
_i109726
_sb
999 _c98069
_d98069